000 00482nam a2200145 i 4500
001 88326
003 ES-MaACL
007 t|
008 050104s1911 fr ||||1| fre d
100 1 _aLa Grasserie, Raoul de.
_969156
245 1 0 _aSystemes electoraux des différents peuples
_b: etudes comparative, scientifique et politique /
_cpar Raoul de La Grasserie.
260 _aParis :
_b[s.n.,
_c1911] (
_fImp. Soussard et Cia)
300 _a360 p. ;
_c21 cm.
852 _aES-MaACL
_jB-390
999 _c88326
_d88326